000 00661nam a2200229Ia 4500
005 20230812114828.0
008 131103s9999 xx 000 0 und d
020 _a9.79E+12
_cRs.250.00
040 _aLoreto College
041 _aEnglish
082 _a005.1
_bGUP
100 _aGupta,Prabhakar
245 _aDesign and analysis of algorithms
_cPrabhakar Gupta,Vineet Agarwal and Manish Varshney
260 _aNew Delhi
_bPrentice-Hall of India
_c2008
300 _axiii,370p
504 _aIncludes glossary and index
650 _aComputer algorithms
651 _aComputer programming
700 _aAgarwal,Vineet
850 _aLCLIB
942 _cBK
999 _c35967
_d86446